Obscure Trivia #13 - Statistics

General Stats
  • This quiz has been taken 47 times
  • The average score is 5 of 20
Answer Stats
Question Answer % Correct
Mercury and Venus are the only two planets in our solar system with no … Moons
71%
Rodents can’t … Vomit
71%
Police in Coralville, Iowa shut down a four-year-old’s lemonade stand because … She didn’t have the right permit
57%
According to legend, which deposed English king was killed by having a red-hot poker thrust up his anus? Edward II
43%
Anthropophobia is a fear of what? People
43%
Which of the following is NOT a variety of Hostess Twinkies? Devil’s Food
29%
What is it called when you just can’t remember that word that’s on the tip of your tongue? Lethologica
29%
Which country has more pyramids than any other? Sudan
29%
A 2009 study suggested that the game Tetris can reduce … Trauma
29%
Fleas can jump distances that are how many times their body length? 200
14%
How many times more than humans are giraffes likely to be struck by lightning? 30
14%
Laid end-to-end, how many times could an adult’s blood vessels circle the equator? 4
14%
What is the average time, in years, it takes to grow a Christmas tree? 7
14%
The unincorporated community of Forks of Salmon is located in which U.S. state? California
14%
How many US states do not officially observe Daylight Saving Time? 2
0%
Which U.S. state is the only one whose official drink is an alcoholic beverage? Alabama
0%
A coalition is a group of what animal? Cheetahs
0%
Rice crackers studded with baked-in wasps are sold in … Japan
0%
Which former U.S. President, representing Virginia, voted to secede from the U.S. at the Peace Conference of 1861, before being elected to the Confederate House of Representatives? John Tyler
0%
Brasil : Brazil :: Lietuva : ? Lithuania
0%
No matching quizzes found
Score Distribution
Percent of People with Each Score
Percentile by Number Answered
Your Score History
You have not taken this quiz